[Event "VI Festival A"]
[Site "Campobasso ITA"]
[Date "1999.09.11"]
[Round "3"]
[White "Gagliardi, Pietro"]
[Black "Rotelli, Pietro"]
[Result "1-0"]
[WhiteElo "2204"]
[BlackElo "1731"]
[PlyCount "99"]
[EventDate "1999.09.10"]

1. e4 c6 2. d4 d5 3. exd5 cxd5 4. Bd3 Nc6 5. c3 Nf6 6. Bf4 g6 7. h3 Bg7 8. Nf3
O-O 9. Nbd2 Nd7 10. O-O e5 11. dxe5 Ndxe5 12. Nxe5 Nxe5 13. Bxe5 Bxe5 14. Nf3
Bg7 15. Be2 Be6 16. Qd2 h6 17. Rfd1 Qb6 18. a4 a5 19. Bb5 Rad8 20. Nd4 Bxd4 21.
Qxd4 Qxd4 22. Rxd4 Rc8 23. Rad1 Rc5 24. Be2 Rfc8 25. Bf3 Rc4 26. Bxd5 Bxd5 27.
Rxd5 Rxa4 28. Rd8+ Rxd8 29. Rxd8+ Kg7 30. Rb8 Ra1+ 31. Kh2 a4 32. Rxb7 a3 33.
bxa3 Rxa3 34. Rc7 Ra2 35. Kg3 Rc2 36. h4 h5 37. Kf3 Rd2 38. Ke3 Rd6 39. Rc4 f5
40. Rd4 Rc6 41. c4 Kf6 42. f4 Ke6 43. Kd3 Ra6 44. c5 Ra3+ 45. Kc4 Ra4+ 46. Kc3
Ra2 47. Rd6+ Kf7 48. c6 Rxg2 49. c7 Rg1 50. Kc2 1-0

[Event "VI Festival A"]
[Site "Campobasso ITA"]
[Date "1999.09.11"]
[Round "3"]
[White "Lagumina, Giulio"]
[Black "Capuano, Eugenio"]
[Result "1/2-1/2"]
[WhiteElo "2281"]
[BlackElo "2153"]
[PlyCount "29"]
[EventDate "1999.09.10"]

1. d4 f5 2. c4 Nf6 3. g3 g6 4. Bg2 Bg7 5. Nc3 O-O 6. Nh3 Nc6 7. O-O e6 8. d5
Ne5 9. b3 Nf7 10. dxe6 dxe6 11. Ba3 Re8 12. Qc2 c6 13. Rad1 Qc7 14. Na4 e5 15.
f4 1/2-1/2

[Event "VI Festival A"]
[Site "Campobasso ITA"]
[Date "1999.09.11"]
[Round "3"]
[White "Laketic, Gojko"]
[Black "Mrdja, Milan"]
[Result "1/2-1/2"]
[WhiteElo "2418"]
[BlackElo "2425"]
[PlyCount "40"]
[EventDate "1999.09.10"]

1. d4 c5 2. d5 Nf6 3. c4 g6 4. Nc3 Bg7 5. e4 d6 6. Bd3 O-O 7. Nf3 e6 8. h3 exd5
9. cxd5 Re8 10. Be3 Nh5 11. O-O f5 12. Qd2 Nd7 13. Bg5 Nhf6 14. Bxf6 Bxf6 15.
Bc2 Ne5 16. Nxe5 dxe5 17. Ba4 Bd7 18. Bxd7 Qxd7 19. Rac1 Rad8 20. Rfd1 b6
1/2-1/2

[Event "VI Festival A"]
[Site "Campobasso ITA"]
[Date "1999.09.11"]
[Round "3"]
[White "Leveque, Sergio"]
[Black "Di Gianni, Rocco"]
[Result "0-1"]
[WhiteElo "1747"]
[BlackElo "2120"]
[PlyCount "38"]
[EventDate "1999.09.10"]

1. e4 e6 2. d4 d5 3. Nd2 c5 4. exd5 exd5 5. Ngf3 c4 6. Be2 Bd6 7. O-O Nc6 8.
Re1 Nge7 9. b3 b5 10. Nf1 a6 11. Bg5 f6 12. Be3 O-O 13. Ng3 Nf5 14. Nxf5 Bxf5
15. Nd2 Nb4 16. Bf3 Kh8 17. bxc4 bxc4 18. Rc1 Nxa2 19. Ra1 Nb4 0-1

[Event "VI Festival A"]
[Site "Campobasso ITA"]
[Date "1999.09.11"]
[Round "3"]
[White "Ljubisavljevic, Zivojin Z."]
[Black "Castrogiovanni, Carlo"]
[Result "1/2-1/2"]
[WhiteElo "2274"]
[BlackElo "2113"]
[PlyCount "36"]
[EventDate "1999.09.10"]

1. d4 Nf6 2. Bg5 Ne4 3. Bf4 d5 4. f3 Nd6 5. Nd2 Bf5 6. c3 c6 7. Bxd6 exd6 8. e4
dxe4 9. fxe4 Bg6 10. Ngf3 Nd7 11. Bd3 Be7 12. O-O O-O 13. Kh1 Qb6 14. Nc4 Qc7
15. e5 Bxd3 16. exd6 Bxf1 17. dxc7 Bxc4 18. b3 Bd5 1/2-1/2

[Event "VI Festival A"]
[Site "Campobasso ITA"]
[Date "1999.09.11"]
[Round "3"]
[White "Lupo, Alfredo"]
[Black "Ferretti, Folco"]
[Result "0-1"]
[WhiteElo "2135"]
[BlackElo "2279"]
[PlyCount "88"]
[EventDate "1999.09.10"]

1. e4 c6 2. d3 d5 3. Nd2 e5 4. Ngf3 Bd6 5. g3 Nf6 6. Bg2 O-O 7. O-O Bg4 8. h3
Bh5 9. Re1 Re8 10. Nf1 dxe4 11. dxe4 Qc7 12. g4 Bg6 13. Ng3 Nbd7 14. Nh4 Nf8
15. Nhf5 Bc5 16. Bg5 N6d7 17. c3 Ne6 18. Be3 Rad8 19. Qc2 f6 20. Rad1 Bf7 21.
Bf1 Ndf8 22. Bxc5 Nxc5 23. b4 Nce6 24. Bc4 Ng5 25. Bxf7+ Kxf7 26. Kg2 Nfe6 27.
Ne2 g6 28. h4 gxf5 29. hxg5 fxg4 30. gxf6 Kxf6 31. Qc1 Qg7 32. Rh1 Rxd1 33.
Qxd1 Qg6 34. Ng3 Rd8 35. Nh5+ Ke7 36. Qe2 Nf4+ 37. Nxf4 exf4 38. Qc4 g3 39.
Qc5+ Kf7 40. Qf5+ Qxf5 41. exf5 Rd2 42. Rxh7+ Kf6 43. Rxb7 Rxf2+ 44. Kg1 Rxa2
0-1

[Event "VI Festival A"]
[Site "Campobasso ITA"]
[Date "1999.09.11"]
[Round "3"]
[White "Marozzi, Giovanni"]
[Black "Grasso, Nino"]
[Result "1/2-1/2"]
[WhiteElo "1708"]
[BlackElo "1777"]
[PlyCount "63"]
[EventDate "1999.09.10"]

1. e4 e5 2. Nf3 Nc6 3. Bb5 a6 4. Bxc6 dxc6 5. d4 exd4 6. Qxd4 Qxd4 7. Nxd4 c5
8. Ne2 Ne7 9. Bf4 c6 10. Bd6 Ng6 11. Bxf8 Nxf8 12. Nbc3 Ne6 13. O-O-O Ke7 14.
f4 g6 15. e5 Rd8 16. Rxd8 Nxd8 17. Na4 Ne6 18. Nb6 Rb8 19. Rd1 Nf8 20. Nxc8+
Rxc8 21. Nc3 Ne6 22. g3 Nd4 23. Ne4 Rd8 24. c3 Nf3 25. h3 Rxd1+ 26. Kxd1 Ng1
27. h4 b6 28. Nf6 h5 29. Ne4 Nf3 30. Ke2 Nh2 31. Nf6 Ke6 32. Kf2 1/2-1/2

[Event "VI Festival A"]
[Site "Campobasso ITA"]
[Date "1999.09.11"]
[Round "3"]
[White "Martorelli, Antonio"]
[Black "De Santis, Alessio"]
[Result "1-0"]
[WhiteElo "2322"]
[BlackElo "2352"]
[PlyCount "67"]
[EventDate "1999.09.10"]

1. e4 d6 2. d4 Nf6 3. Nc3 c6 4. Nf3 Bg4 5. h3 Bh5 6. Qe2 e6 7. g4 Bg6 8. h4 h5
9. g5 Nfd7 10. Bh3 Be7 11. d5 e5 12. Bd2 Nb6 13. O-O-O N8d7 14. dxc6 bxc6 15.
Nh2 Qc7 16. Nf1 Rb8 17. Ng3 Qb7 18. b3 a5 19. f4 exf4 20. Nf5 Bxf5 21. exf5 Ne5
22. Bxf4 f6 23. gxf6 gxf6 24. Qg2 d5 25. Bxe5 fxe5 26. Qg6+ Kf8 27. Rhg1 Ba3+
28. Kb1 Qf7 29. Qxc6 d4 30. Ne4 Nd5 31. Ng5 Nc3+ 32. Ka1 Qd5 33. Ne6+ Kf7 34.
Qc7+ 1-0

[Event "VI Festival A"]
[Site "Campobasso ITA"]
[Date "1999.09.11"]
[Round "3"]
[White "Megli, Massimo"]
[Black "Ausmins, Elmar"]
[Result "0-1"]
[WhiteElo "1740"]
[BlackElo "2261"]
[PlyCount "78"]
[EventDate "1999.09.10"]

1. e4 c5 2. Nf3 d6 3. d4 cxd4 4. Nxd4 Nf6 5. Nc3 a6 6. Be2 e5 7. Nb3 Be7 8. O-O
O-O 9. a4 Be6 10. Be3 Nbd7 11. f4 Rc8 12. f5 Bc4 13. Bxc4 Rxc4 14. Qe2 Qc7 15.
Nd2 Rb4 16. Ra2 Nc5 17. Bg5 Ncd7 18. g4 h6 19. h4 hxg5 20. hxg5 Nh7 21. Nd5
Qc5+ 22. Kh1 Bxg5 23. Nxb4 Qxb4 24. c3 Qc5 25. Rf3 Ndf6 26. b4 Qc6 27. b5 axb5
28. axb5 Qc5 29. Nb3 Qb6 30. Rh3 Bf4 31. Nd2 Ng5 32. Nc4 Qxb5 33. Rb2 Qc5 34.
Re3 b5 35. Nxd6 Qxd6 36. Rd3 Qc6 37. c4 Nfxe4 38. Kg1 bxc4 39. Ra3 Qc5+ 0-1

[Event "VI Festival A"]
[Site "Campobasso ITA"]
[Date "1999.09.11"]
[Round "3"]
[White "Naumkin, Igor"]
[Black "Collutiis, Duilio"]
[Result "1-0"]
[WhiteElo "2489"]
[BlackElo "2200"]
[PlyCount "45"]
[EventDate "1999.09.10"]

1. d4 c5 2. d5 e5 3. e4 d6 4. Nf3 Bg4 5. Be2 Bxf3 6. Bxf3 Be7 7. O-O Bg5 8. Nd2
Ne7 9. a3 O-O 10. b4 Nd7 11. g3 g6 12. Bg2 f5 13. f4 Bf6 14. Rb1 exf4 15. gxf4
Rc8 16. Kh1 a6 17. Nc4 Nb6 18. Nxd6 Qxd6 19. e5 Bxe5 20. fxe5 Qxe5 21. Re1 Qd6
22. bxc5 Qxc5 23. Be3 1-0

[Event "VI Festival A"]
[Site "Campobasso ITA"]
[Date "1999.09.11"]
[Round "3"]
[White "Orlando, Luigi"]
[Black "Goller, Savino"]
[Result "0-1"]
[WhiteElo "1722"]
[BlackElo "1804"]
[PlyCount "72"]
[EventDate "1999.09.10"]

1. e4 c5 2. Nf3 Nc6 3. d4 cxd4 4. Nxd4 Nf6 5. Nc3 e5 6. Ndb5 d6 7. Bg5 a6 8.
Na3 b5 9. Bxf6 gxf6 10. Nd5 f5 11. Bxb5 axb5 12. Nxb5 Ra4 13. Nbc7+ Kd7 14.
Nb6+ Kxc7 15. Nxa4 Qg5 16. Qd5 Qxg2 17. Qxf7+ Be7 18. O-O-O fxe4 19. Nc3 Qf3
20. Qd5 Nd4 21. Qc4+ Kd8 22. Nd5 Bd7 23. Rhe1 Qxf2 24. Rf1 Bg5+ 25. Kb1 Qxc2+
26. Qxc2 Nxc2 27. Kxc2 e3 28. Nxe3 Bxe3 29. Rxd6 Ke7 30. Rd5 Bf4 31. Rxd7+ Kxd7
32. h3 Ke6 33. b4 Rc8+ 34. Kd3 Kd5 35. Re1 Ra8 36. Re2 Ra3+ 0-1

[Event "VI Festival A"]
[Site "Campobasso ITA"]
[Date "1999.09.11"]
[Round "3"]
[White "Petrozzi, Davide"]
[Black "Zimina, Olga"]
[Result "0-1"]
[WhiteElo "1732"]
[BlackElo "2161"]
[PlyCount "65"]
[EventDate "1999.09.10"]

1. e4 c5 2. Nf3 Nc6 3. d4 cxd4 4. Nxd4 Nf6 5. Nc3 e6 6. Nxc6 bxc6 7. e5 Nd5 8.
Ne4 Qc7 9. f4 Qb6 10. Qd3 Be7 11. c4 Ba6 12. b3 O-O 13. Bb2 Qa5+ 14. Kd1 Rfd8
15. g3 d6 16. Qd2 Qb6 17. cxd5 dxe5 18. Kc1 cxd5 19. Ng5 Bc5 20. Kb1 Be3 21.
Qc2 e4 22. Bxa6 Qxa6 23. Re1 Qb6 24. a3 h6 25. Nh3 Rab8 26. Ka2 Rdc8 27. Qd1 d4
28. g4 d3 29. g5 Rc2 30. b4 a5 31. gxh6 axb4 32. a4 Bd4 33. Rb1 0-1

[Event "VI Festival A"]
[Site "Campobasso ITA"]
[Date "1999.09.11"]
[Round "3"]
[White "Petruccioli, Antonio"]
[Black "Gerardi, Saverio"]
[Result "1-0"]
[WhiteElo "2160"]
[BlackElo "1792"]
[PlyCount "78"]
[EventDate "1999.09.10"]

1. e4 e5 2. Bc4 Nf6 3. d3 Bc5 4. Nf3 Nc6 5. O-O h6 6. c3 d6 7. b4 Bb6 8. a4 a6
9. a5 Ba7 10. Be3 Bxe3 11. fxe3 Be6 12. Bxe6 fxe6 13. Nbd2 O-O 14. Qb3 Qe7 15.
Rae1 Rf7 16. d4 exd4 17. exd4 Raf8 18. d5 Nd8 19. dxe6 Qxe6 20. Qxe6 Nxe6 21.
e5 dxe5 22. Nxe5 Re7 23. Ng6 Rfe8 24. Nxe7+ Rxe7 25. Rf2 Nd5 26. Nb3 c6 27. Nc5
Ndc7 28. Nxb7 Rd7 29. Rf5 Rd2 30. Nc5 Ng5 31. h4 Nf7 32. Re7 Nd6 33. Rd7 Ncb5
34. Rf3 Rc2 35. Ne6 Rc1+ 36. Kh2 Ne8 37. Rf8+ Kh7 38. Rxe8 Kg6 39. Nxg7 Nxc3
1-0

[Event "VI Festival A"]
[Site "Campobasso ITA"]
[Date "1999.09.11"]
[Round "3"]
[White "Piscopo, Pierluigi"]
[Black "Di Lascio, Savino"]
[Result "1-0"]
[WhiteElo "2039"]
[BlackElo "1852"]
[PlyCount "63"]
[EventDate "1999.09.10"]

1. e4 c6 2. Nc3 d5 3. Nf3 dxe4 4. Nxe4 Nf6 5. Ng3 h5 6. h4 e6 7. d4 Bd6 8. Bd3
Nbd7 9. Qe2 Bxg3 10. fxg3 Nd5 11. O-O Qc7 12. c4 Ne7 13. Bf4 Qb6 14. c5 Qd8 15.
Ng5 Nf6 16. Be5 Ned5 17. Qf3 Qd7 18. Rae1 b6 19. Kh1 Bb7 20. Re2 O-O-O 21. Bc4
b5 22. Bb3 a5 23. Bxd5 cxd5 24. Qa3 a4 25. b3 Bc6 26. bxa4 Qa7 27. Qb4 Rd7 28.
axb5 Qb7 29. Rb2 Re7 30. Rc1 Be8 31. c6 Qb6 32. a4 1-0

[Event "VI Festival A"]
[Site "Campobasso ITA"]
[Date "1999.09.11"]
[Round "3"]
[White "Rossetti, Giovanni"]
[Black "Colesanti, Ugo Maria"]
[Result "1/2-1/2"]
[WhiteElo "1917"]
[BlackElo "1759"]
[PlyCount "70"]
[EventDate "1999.09.10"]

1. Nf3 Nf6 2. g3 d5 3. Bg2 e6 4. O-O Be7 5. d3 O-O 6. Nbd2 b6 7. e4 c5 8. Re1
Bb7 9. e5 Nfd7 10. Nf1 Nc6 11. h4 Re8 12. Bf4 f6 13. exf6 Bxf6 14. Bg5 h6 15.
Bxf6 Qxf6 16. N1h2 Qxb2 17. Bh3 Nf8 18. a3 Qf6 19. Ng4 Qf7 20. Nfe5 Nxe5 21.
Nxe5 Qf6 22. Qh5 Kh7 23. Bg2 Ng6 24. f4 Nxe5 25. Rxe5 Re7 26. Rae1 Rae8 27. Qe2
Kg8 28. f5 d4 29. fxe6 Bxg2 30. Kxg2 Rf8 31. Re4 Rfe8 32. Qg4 Kh7 33. h5 Qg5
34. Kh3 Qxg4+ 35. Kxg4 g6 1/2-1/2

[Event "VI Festival A"]
[Site "Campobasso ITA"]
[Date "1999.09.11"]
[Round "4"]
[White "Accardo, Francesco"]
[Black "Petrozzi, Davide"]
[Result "1-0"]
[WhiteElo "1778"]
[BlackElo "1732"]
[PlyCount "49"]
[EventDate "1999.09.10"]

1. e4 c5 2. Nc3 Nc6 3. f4 e6 4. Bb5 Nd4 5. Nf3 a6 6. Bd3 Nxf3+ 7. Qxf3 b5 8. e5
Rb8 9. a4 c4 10. Be4 d5 11. exd6 Bxd6 12. axb5 axb5 13. Bc6+ Bd7 14. Ra7 Nf6
15. Ne4 Bxc6 16. Nxf6+ gxf6 17. Qxc6+ Kf8 18. Rd7 Qxd7 19. Qxd7 Bxf4 20. O-O
Be5 21. d3 cxd3 22. cxd3 Kg7 23. Qc6 Bd4+ 24. Kh1 Rhc8 25. Qe4 1-0

[Event "VI Festival A"]
[Site "Campobasso ITA"]
[Date "1999.09.11"]
[Round "4"]
[White "Ausmins, Elmar"]
[Black "Laketic, Gojko"]
[Result "0-1"]
[WhiteElo "2261"]
[BlackElo "2418"]
[PlyCount "70"]
[EventDate "1999.09.10"]

1. d4 Nf6 2. Nf3 g6 3. c4 Bg7 4. Nc3 O-O 5. e4 d6 6. Be2 Bg4 7. Ng1 Bc8 8. Nf3
Nbd7 9. O-O c5 10. Re1 e6 11. Bf1 a6 12. h3 Re8 13. d5 e5 14. Rb1 Rf8 15. a3
Kh8 16. b4 b6 17. Na4 Ng8 18. Bg5 f6 19. Bd2 Bh6 20. Bc3 f5 21. bxc5 bxc5 22.
exf5 gxf5 23. Re2 Ngf6 24. Qe1 Ne4 25. Ba5 Qe7 26. Kh1 Rg8 27. Nd2 Bxd2 28.
Bxd2 Nxd2 29. Rxd2 f4 30. f3 Qf6 31. Rdb2 Ra7 32. Rb8 Nxb8 33. Rxb8 Rag7 34.
Nb6 Bf5 35. Rxg8+ Rxg8 0-1

[Event "VI Festival A"]
[Site "Campobasso ITA"]
[Date "1999.09.11"]
[Round "4"]
[White "Capuano, Eugenio"]
[Black "Ljubisavljevic, Zivojin Z."]
[Result "0-1"]
[WhiteElo "2153"]
[BlackElo "2274"]
[PlyCount "72"]
[EventDate "1999.09.10"]

1. e4 Nf6 2. e5 Nd5 3. d4 d6 4. Nf3 Bg4 5. Be2 e6 6. h3 Bh5 7. c4 Nb6 8. exd6
cxd6 9. Nc3 Be7 10. d5 e5 11. g4 Bg6 12. h4 e4 13. Ng5 O-O 14. Bf4 Na6 15.
Ngxe4 Bxh4 16. g5 f5 17. Nxd6 Bxg5 18. Nxb7 Qf6 19. Qd2 Bxf4 20. Qxf4 Rab8 21.
Na5 Nc5 22. Nc6 Rbe8 23. Kf1 Ne4 24. Rh3 Nxc3 25. Rxc3 Re4 26. Qg3 Na4 27. Rb3
Nc5 28. Rb8 Rxb8 29. Qxb8+ Re8 30. Qb4 Qh4 31. Bf3 Nd3 32. Qd2 Nf4 33. Nd4 Bh5
34. Qc3 Re4 35. Rd1 Qh3+ 36. Kg1 Rxd4 0-1

[Event "VI Festival A"]
[Site "Campobasso ITA"]
[Date "1999.09.11"]
[Round "4"]
[White "Castrogiovanni, Carlo"]
[Black "Gagliardi, Pietro"]
[Result "1/2-1/2"]
[WhiteElo "2113"]
[BlackElo "2204"]
[PlyCount "25"]
[EventDate "1999.09.10"]

1. Nf3 d5 2. c4 c6 3. cxd5 cxd5 4. d4 Nc6 5. Nc3 e6 6. Bf4 Bd6 7. Bxd6 Qxd6 8.
e3 Nf6 9. Rc1 O-O 10. Bd3 e5 11. dxe5 Nxe5 12. Nxe5 Qxe5 13. Bc2 1/2-1/2

[Event "VI Festival A"]
[Site "Campobasso ITA"]
[Date "1999.09.11"]
[Round "4"]
[White "Collutiis, Duilio"]
[Black "Marozzi, Giovanni"]
[Result "1-0"]
[WhiteElo "2200"]
[BlackElo "1708"]
[PlyCount "59"]
[EventDate "1999.09.10"]

1. e4 c5 2. Nc3 d6 3. f4 Nf6 4. Nf3 a6 5. a4 Nc6 6. g3 Nd4 7. Bg2 Bg4 8. h3
Bxf3 9. Bxf3 Nxf3+ 10. Qxf3 Qc7 11. O-O O-O-O 12. Rb1 e6 13. d3 d5 14. e5 Nd7
15. Bd2 f6 16. exf6 gxf6 17. Rbe1 Qd6 18. Re2 Be7 19. Rfe1 Nf8 20. a5 Re8 21.
f5 Rg8 22. Kh2 d4 23. Ne4 Qd5 24. fxe6 Nxe6 25. Nd6+ Qxd6 26. Rxe6 Qd7 27. Bf4
Bd8 28. Rxa6 Qf7 29. Ra8+ Kd7 30. Qxb7+ 1-0

[Event "VI Festival A"]
[Site "Campobasso ITA"]
[Date "1999.09.11"]
[Round "4"]
[White "De Santis, Alessio"]
[Black "Ficco, Corrado"]
[Result "1-0"]
[WhiteElo "2352"]
[BlackElo "2169"]
[PlyCount "73"]
[EventDate "1999.09.10"]

1. d4 f5 2. c4 Nf6 3. Nc3 g6 4. g3 Bg7 5. Bg2 O-O 6. Nh3 Nc6 7. O-O e6 8. b3
Qe7 9. Bb2 d6 10. e3 Nd8 11. b4 c6 12. a4 Nf7 13. b5 Bd7 14. f4 Rfe8 15. Ba3
Rab8 16. Nf2 c5 17. a5 b6 18. Re1 e5 19. fxe5 dxe5 20. dxc5 bxc5 21. Na4 Rbc8
22. Nd3 Be6 23. Qb3 Nd7 24. Bc6 e4 25. Ndxc5 Rxc6 26. bxc6 Nde5 27. Nxe4 Qc7
28. Nd2 Qxc6 29. Nc5 Ng5 30. Qb7 Qxb7 31. Nxb7 Nef3+ 32. Nxf3 Nxf3+ 33. Kf2
Nxe1 34. Rxe1 Bxc4 35. Nd6 Re4 36. Nxe4 fxe4 37. Rc1 1-0

[Event "VI Festival A"]
[Site "Campobasso ITA"]
[Date "1999.09.11"]
[Round "4"]
[White "Di Gianni, Rocco"]
[Black "De Vita, Igor"]
[Result "1/2-1/2"]
[WhiteElo "2120"]
[BlackElo "2154"]
[PlyCount "126"]
[EventDate "1999.09.10"]

1. e4 Nf6 2. Nc3 d6 3. d4 g6 4. Be2 c6 5. Nf3 Bg7 6. a4 a5 7. h3 O-O 8. Be3 Na6
9. O-O Nb4 10. Nd2 d5 11. e5 Ne8 12. Ncb1 f6 13. c3 Na6 14. exf6 exf6 15. Nf3
Nd6 16. Nbd2 Re8 17. Bf4 Nc7 18. Bd3 Ne6 19. Bg3 Bh6 20. Re1 Nf4 21. Bxf4 Bxf4
22. Qc2 Bf5 23. Bxf5 Nxf5 24. Qb3 Qd7 25. Ne4 Qf7 26. Nc5 Nd6 27. g3 Bh6 28.
Kg2 Bf8 29. Nd2 Bh6 30. Nf1 Re7 31. Nh2 Rae8 32. Nf3 Nc4 33. Qc2 b6 34. Nd3 Re4
35. b3 Nd6 36. Nd2 Re2 37. Rad1 Rxe1 38. Rxe1 Rxe1 39. Nxe1 Qe6 40. Ndf3 Qe4
41. Nd3 Nf7 42. Qd1 Ng5 43. Nde1 Nxf3 44. Nxf3 Kf7 45. Kg1 Bf8 46. Ne1 Bd6 47.
Ng2 f5 48. Qd2 Kg7 49. Qe1 h6 50. Qxe4 dxe4 51. Ne3 Kf6 52. Kf1 g5 53. g4 f4
54. Nf5 Bf8 55. Ke2 Ke6 56. c4 Kd7 57. Kd2 Ke6 58. Kc2 c5 59. Kc3 Kd7 60. d5
Be7 61. Nxh6 Bf6+ 62. Kd2 Kd6 63. Nf5+ Ke5 1/2-1/2

[Event "VI Festival A"]
[Site "Campobasso ITA"]
[Date "1999.09.11"]
[Round "4"]
[White "Di Lascio, Savino"]
[Black "Brancaccio, Alfonso"]
[Result "0-1"]
[WhiteElo "1852"]
[BlackElo "1831"]
[PlyCount "150"]
[EventDate "1999.09.10"]

1. Nf3 c5 2. g3 g6 3. Bg2 Bg7 4. O-O Nc6 5. d3 e6 6. e4 Nge7 7. c3 O-O 8. Be3
d6 9. Qc1 Re8 10. Bh6 Bh8 11. Qf4 Ne5 12. Nxe5 dxe5 13. Qe3 b6 14. Nd2 Ba6 15.
Nc4 Qc7 16. Rfd1 Rad8 17. h4 Rd7 18. Bh3 Red8 19. Qf3 b5 20. Ne3 Rxd3 21. Rxd3
Rxd3 22. Bxe6 Nc6 23. Bd5 Bg7 24. Bxg7 Kxg7 25. Qg4 Ne7 26. Qe2 c4 27. Nc2 Nxd5
28. exd5 Rxd5 29. Nb4 Rd6 30. Qxe5+ f6 31. Qe3 Bc8 32. Re1 Re6 33. Qd2 Rxe1+
34. Qxe1 Qd7 35. Nc2 Bb7 36. Nd4 Kf7 37. f3 Qd5 38. Kf2 h6 39. Qe3 g5 40. hxg5
hxg5 41. Qe4 Qxe4 42. fxe4 a6 43. Ke3 Ke7 44. Nf3 Ke6 45. Kd4 Ba8 46. Nd2 f5
47. exf5+ Kxf5 48. Ke3 Kg4 49. Kf2 Kf5 50. Ke3 Bg2 51. a4 Ke5 52. axb5 axb5 53.
Nb1 Kd5 54. Na3 Kc5 55. Nc2 Bd5 56. Nd4 b4 57. Nf3 bxc3 58. bxc3 g4 59. Ne5 Be6
60. Kf4 Kb5 61. Ng6 Ka4 62. Ke5 Bf7 63. Nh4 Kb3 64. Kd4 Kc2 65. Ng2 Kd2 66. Ne3
Be6 67. Nxc4+ Ke2 68. Ne3 Kf3 69. Ke5 Bc8 70. Nf5 Bxf5 71. Kxf5 Kxg3 72. c4 Kf3
73. c5 g3 74. c6 g2 75. c7 g1=Q 0-1

[Event "VI Festival A"]
[Site "Campobasso ITA"]
[Date "1999.09.11"]
[Round "4"]
[White "Ferraro, Francesco"]
[Black "Colesanti, Ugo Maria"]
[Result "1-0"]
[WhiteElo "2045"]
[BlackElo "1759"]
[PlyCount "102"]
[EventDate "1999.09.10"]

1. d4 Nf6 2. Bf4 e6 3. e3 Be7 4. Nf3 O-O 5. Bd3 d5 6. Nbd2 b6 7. Qe2 Bb7 8. O-O
Nbd7 9. c3 Ne4 10. c4 Ndf6 11. cxd5 exd5 12. Rfc1 Bd6 13. Bxd6 Qxd6 14. Ne5 c5
15. Bxe4 Nxe4 16. Nxe4 dxe4 17. Nc4 Qd5 18. dxc5 Qxc5 19. Na3 Qe5 20. Qb5 Qe7
21. Nc2 Rfc8 22. Nd4 Rc7 23. Nf5 Qd7 24. Qxd7 Rxd7 25. Nd4 Rc8 26. Rxc8+ Bxc8
27. Rc1 Bb7 28. Kf1 Kf8 29. Ke1 Ba6 30. Rc3 Ke7 31. Nc6+ Kd6 32. Nb8 Bd3 33.
Nxd7 Kxd7 34. b4 b5 35. Rc5 Bc4 36. Kd2 a6 37. a3 h6 38. h4 f6 39. Kc3 Bf1 40.
g4 Bh3 41. Kd4 Bxg4 42. Kxe4 Kd6 43. Kf4 Be6 44. Kg3 g5 45. hxg5 hxg5 46. f4
gxf4+ 47. Kxf4 Bh3 48. Rh5 Bf1 49. Rh8 Kd5 50. Ra8 Kc4 51. Rxa6 Kb3 1-0

[Event "VI Festival A"]
[Site "Campobasso ITA"]
[Date "1999.09.11"]
[Round "4"]
[White "Ferretti, Folco"]
[Black "Naumkin, Igor"]
[Result "0-1"]
[WhiteElo "2279"]
[BlackElo "2489"]
[PlyCount "58"]
[EventDate "1999.09.10"]

1. c4 e5 2. Nc3 Nf6 3. Nf3 Nc6 4. d4 exd4 5. Nxd4 Bb4 6. Bg5 h6 7. Bh4 Bxc3+ 8.
bxc3 d6 9. f3 Ne5 10. e4 Ng6 11. Bf2 O-O 12. Qd2 b6 13. Be2 Nd7 14. O-O Nc5 15.
Nc6 Qe8 16. Nb4 f5 17. exf5 Bxf5 18. Nd5 Qf7 19. Bxc5 dxc5 20. Bd3 Rad8 21.
Bxf5 Qxf5 22. Qf2 c6 23. Ne3 Qe5 24. Rac1 Nf4 25. Ng4 Qe6 26. Rce1 Qxc4 27. Re7
Qxc3 28. Qg3 Kh8 29. Rfe1 Rd2 0-1

[Event "VI Festival A"]
[Site "Campobasso ITA"]
[Date "1999.09.11"]
[Round "4"]
[White "Ferri, Stefano"]
[Black "Leveque, Sergio"]
[Result "1-0"]
[WhiteElo "2091"]
[BlackElo "1747"]
[PlyCount "85"]
[EventDate "1999.09.10"]

1. e4 c5 2. Nf3 d6 3. d4 cxd4 4. Nxd4 Nf6 5. f3 g6 6. c4 Bg7 7. Nc3 O-O 8. Be3
Nc6 9. Qd2 Bd7 10. Be2 a6 11. O-O-O Qa5 12. Nb3 Qc7 13. Kb1 Ne5 14. Nd5 Nxd5
15. cxd5 Rfc8 16. Rc1 Qd8 17. Nd4 Rxc1+ 18. Rxc1 Rc8 19. h3 Rxc1+ 20. Qxc1 Be8
21. f4 Nd7 22. b4 Nb6 23. a3 Qc8 24. Qxc8 Nxc8 25. Nb3 b5 26. Bg4 e6 27. dxe6
Ne7 28. Nd4 Nc6 29. exf7+ Kxf7 30. Ne6 a5 31. Nxg7 Kxg7 32. Bd2 a4 33. Be3 Kf6
34. Be2 Ne7 35. g4 Bd7 36. g5+ Kf7 37. Kb2 Bc6 38. Kc3 Ke6 39. Bg4+ Kf7 40. Kd4
Ng8 41. e5 dxe5+ 42. fxe5 Ne7 43. Kc5 1-0

[Event "VI Festival A"]
[Site "Campobasso ITA"]
[Date "1999.09.11"]
[Round "4"]
[White "Galasso, Luigi"]
[Black "Piscopo, Pierluigi"]
[Result "0-1"]
[WhiteElo "1755"]
[BlackElo "2039"]
[PlyCount "74"]
[EventDate "1999.09.10"]

1. e4 c5 2. Nf3 Nc6 3. g3 g6 4. Bg2 Bg7 5. O-O e6 6. d3 Nge7 7. Nbd2 O-O 8. Re1
d6 9. c3 Rb8 10. Nb3 b5 11. d4 cxd4 12. cxd4 a5 13. Bg5 h6 14. Be3 a4 15. Nbd2
Bd7 16. h4 d5 17. Bf4 Rc8 18. a3 Re8 19. e5 Nf5 20. Nf1 Na5 21. Rb1 Nb3 22. Ne3
Nxe3 23. Bxe3 Qb6 24. Bf1 Rc7 25. Bd3 Rec8 26. h5 g5 27. Re2 b4 28. Bc2 Bb5 29.
Bd3 Bxd3 30. Qxd3 bxa3 31. bxa3 Rc3 32. Qd1 Qa6 33. Kg2 Bf8 34. Ra2 Qc4 35. Nd2
Qd3 36. Qg4 Nxd2 37. Rxd2 Qxb1 0-1

[Event "VI Festival A"]
[Site "Campobasso ITA"]
[Date "1999.09.11"]
[Round "4"]
[White "Gerardi, Saverio"]
[Black "De Vita, Gianni"]
[Result "1/2-1/2"]
[WhiteElo "1792"]
[BlackElo "2106"]
[PlyCount "32"]
[EventDate "1999.09.10"]

1. e4 c5 2. Nf3 Nc6 3. d4 cxd4 4. Nxd4 Nf6 5. Nc3 e5 6. Nb3 Bb4 7. Bd3 d5 8.
Bd2 Bxc3 9. Bxc3 dxe4 10. Bb5 Qc7 11. Bb4 Bd7 12. Bd6 Qb6 13. Bxc6 Bxc6 14.
Bxe5 Bb5 15. Qd4 Qc6 16. O-O-O Qc4 1/2-1/2

[Event "VI Festival A"]
[Site "Campobasso ITA"]
[Date "1999.09.11"]
[Round "4"]
[White "Goller, Savino"]
[Black "Vujovic, Milorad"]
[Result "1/2-1/2"]
[WhiteElo "1804"]
[BlackElo "2258"]
[PlyCount "123"]
[EventDate "1999.09.10"]

1. e4 c5 2. Nc3 Nc6 3. d3 e6 4. g3 d5 5. Bg2 Nf6 6. exd5 exd5 7. Nge2 d4 8. Ne4
Nxe4 9. Bxe4 Bd6 10. O-O Bh3 11. Bg2 Bxg2 12. Kxg2 O-O 13. Bf4 Re8 14. Qd2 Be5
15. c4 dxc3 16. bxc3 Qd5+ 17. f3 Rad8 18. Bxe5 Nxe5 19. Nf4 Qc6 20. Rae1 Re7
21. Qc1 f6 22. Qa3 g5 23. d4 gxf4 24. dxe5 Rd2+ 25. Rf2 Rxf2+ 26. Kxf2 Rxe5 27.
Rxe5 fxe5 28. gxf4 exf4 29. Qxa7 Qc7 30. Qa4 Kf7 31. Qc4+ Kf6 32. Kg2 Qd6 33.
Kh3 Qd7+ 34. Kg2 Qd2+ 35. Kh3 Qe3 36. Kg2 Ke5 37. Qf7 Qe2+ 38. Kg1 Qd1+ 39. Kg2
Qc2+ 40. Kf1 Qd3+ 41. Kf2 Qe3+ 42. Kg2 Kd6 43. Qf6+ Kc7 44. Qf7+ Kc6 45. Qc4
Qd2+ 46. Kh3 b5 47. Qe6+ Kc7 48. Qe5+ Qd6 49. Qxd6+ Kxd6 50. Kg4 Ke5 51. a3 Kd5
52. Kxf4 Kc4 53. Ke5 Kxc3 54. f4 b4 55. axb4 cxb4 56. f5 b3 57. f6 b2 58. f7
b1=Q 59. f8=Q Qe1+ 60. Kf6 Qh4+ 61. Kg7 Qxh2 62. Qh8 1/2-1/2